Introduction to Psychology / (Record no. 1042)
[ view plain ]
| 000 -LEADER | |
|---|---|
| Fixed length control field | 00496nam a2200181 4500 |
| 003 - CONTROL NUMBER IDENTIFIER | |
| Control field | SEACOMMC |
| 005 - DATE AND TIME OF LATEST TRANSACTION | |
| Control field | 20250501153724.0 |
| 008 - FIXED-LENGTH DATA ELEMENTS--GENERAL INFORMATION | |
| Fixed length control field | 250131b |||||||| |||| 00| 0 eng d |
| 020 ## - INTERNATIONAL STANDARD BOOK NUMBER / ISBN | |
| International Standard Book Number | 81-7473-090-7 |
| Price | Rs.410.00 |
| 040 ## - CATALOGING SOURCE | |
| Original cataloging agency | SEACOMMC |
| 082 ## - DEWEY DECIMAL CLASSIFICATION NUMBER | |
| Classification number | 155.4 |
| Book Number | F 362 |
| 100 ## - MAIN ENTRY--PERSONAL NAME | |
| Personal name | Fernald, L. Dodge |
| 245 1# - TITLE STATEMENT | |
| Title | Introduction to Psychology / |
| Statement of responsibility | L. Dodge Fernald & Peter S. Fernald |
| 250 ## - EDITION STATEMENT | |
| Edition statement | 5th ed. |
| 260 ## - IMPRINT | |
| Place of publication | Delhi |
| Name of publisher | A.I.T.B.S Publishers |
| Date of publication | 2007 |
| 650 ## - SUBJECT ADDED ENTRY--TOPICAL TERM | |
| Topical term | Psychology |
| 942 ## - ADDED ENTRY ELEMENTS (KOHA) | |
| Koha item type | Books |
| Withdrawn status | Lost status | Source of classification | Damaged status | Not for loan | Home library | Current library | Shelving location | Date acquired | Total Checkouts | Call number | Accession number | Date last seen | Price effective from | Koha item type | Copy number |
|---|---|---|---|---|---|---|---|---|---|---|---|---|---|---|---|
| Dewey Decimal Classification | SEACOM MANAGEMENT COLLEGE | SEACOM MANAGEMENT COLLEGE | Reference | 18/01/2008 | 155.4 F 362 | M-1817 | 31/01/2025 | 31/01/2025 | Books | ||||||
| Dewey Decimal Classification | SEACOM MANAGEMENT COLLEGE | SEACOM MANAGEMENT COLLEGE | 18/01/2008 | 155.4 F 362 | M-1818 | 31/01/2025 | 31/01/2025 | Books | 1 | ||||||
| Dewey Decimal Classification | SEACOM MANAGEMENT COLLEGE | SEACOM MANAGEMENT COLLEGE | 05/02/2008 | 155.4 F 362 | M-1900 | 05/02/2025 | 05/02/2025 | Books | 3 |
